| 000 | 00724nam a2200229Ii 4500 | ||
|---|---|---|---|
| 003 | JO-AjNU | ||
| 008 | 230605s9999||||xx |||||||||||||| ||und|| | ||
| 017 | _a93/1822 | ||
| 020 | _a977-5344-61-1 | ||
| 040 |
_aJO-AjNU _bara _erda _cJO-AjNU |
||
| 041 | _aara | ||
| 050 | 1 | 4 | _aKRM120.F37.1993 |
| 100 | 3 |
_aفرحات ، محمد نور, _eauthor _917300 |
|
| 245 | 0 | 0 | _aالتاريخ الاجتماعي للقانون في مصر الحديثة |
| 250 | _aط2 | ||
| 264 | 3 | 1 | _aالقاهرة : دار سعاد الصباح ، 1993 |
| 300 | _a517ص | ||
| 336 |
_atext _btxt _2rdacontent |
||
| 337 |
_aunmediated _bn _2rdamedia |
||
| 338 |
_avolume _bnc _2rdacarrier |
||
| 650 | 4 |
_aقانون -- مصر -- تاريخ _917301 |
|
| 999 |
_aA5315 _c8883 _d8883 |
||